Top 10 NBA Centers 2025 - Statistics

General Stats
  • This quiz has been taken 817 times
  • The average score is 8 of 10
Answer Stats
# Answer % Correct
1 Nikola Jokic
98%
3 Anthony Davis
94%
2 Joel Embiid
89%
4 Victor Wembanyama
84%
9 Kristaps Porzingis
72%
10 Alperen Sengun
69%
5 Bam Adebayo
68%
6 Domantas Sabonis
68%
7 Chet Holmgren
63%
8 Jaren Jackson Jr.
46%
No matching quizzes found
Score Distribution
Percent of People with Each Score
Percentile by Number Answered
Your Score History
You have not taken this quiz